=LDR 00000nam 2200000 4500 =001 INLIS000000000033254 =005 20190208042523 =035 ##$$a 0010-061300000033254 =008 190208###########################0#ind## =041 ##$$a ind =082 ##$$a 658.401 =090 ##$$a 658.401, Ell m =100 ##$$a Ellitan, Lena =245 1#$$a Manajemen strategi operasi, teori dan riset di indonesia, Lana ellitan, lina anatan =260 ##$$a 2008 :$b Bandung =300 ##$$a xii,195 hlm, 24 cm =650 ##$$a Manajemen-Perencanaan =850 ##$$a NBPNMAT =710 ##$$a Anatan, Lina =990 ##$$a 21400613/BPAP-NTB/20142014 =990 ##$$a 0001/BPAP-NTB/2015 =990 ##$$a 21602480/BPAP-NTB/2017 =990 ##$$a 02400240 =990 ##$$a 21003530 =990 ##$$a 21400613/BPAP-NTB/20142014 =990 ##$$a 0001/BPAP-NTB/2015 =990 ##$$a 21602480/BPAP-NTB/2017